000 00443nam a2200181 a 4500
001 1817
003 CO-ViMGA
008 141112s2004 ck r 000 u spa d
040 _aCO-ViMGA
_bspa
_cCO-ViMGA
082 0 4 _a611.96 Y677p
100 1 _aYost, Graham
245 1 0 _aProblemas de espalda
260 _aBarcelona :
_bCeac,
_c1988
300 _a96 p : il
490 _aCupula
650 1 4 _aESPALDA - ENFERMEDADES
_950343
942 _2ddc
_cBK
999 _c13976
_d13976